Informe anual 2016 : el sistema de la crueldad x. sobre el sistema de encierro y las políticas de seguridad en la provincia de buenos aires /
Guardado en:
| Formato: | Libro |
|---|---|
| Publicado: |
Buenos Aires :
Comisión Provincial por la Memoria,
2016
|
| Materias: | |
| Etiquetas: |
Agregar Etiqueta
Sin Etiquetas, Sea el primero en etiquetar este registro!
|
| LEADER | 00682nam a22001815a 4500 | ||
|---|---|---|---|
| 001 | CEM.cems014749 | ||
| 005 | 20161219173805.0 | ||
| 008 | 130507s2016##################000#0#####d | ||
| 003 | CEMS | ||
| 082 | 0 | 4 | |a 323.4 |
| 245 | 0 | 0 | |a Informe anual 2016 : |b el sistema de la crueldad x. sobre el sistema de encierro y las políticas de seguridad en la provincia de buenos aires / |c Comisión Provincial Por La Memoria |
| 260 | |a Buenos Aires : |b Comisión Provincial por la Memoria, |c 2016 | ||
| 300 | |a 432 p. | ||
| 653 | |a Seguridad | ||
| 653 | |a Servicio penitenciario | ||
| 653 | |a Derechos humanos | ||
| 653 | |a Tortura | ||
| 859 | |a CEMS |b BIB. CEMS - 11 de abril |h 323.4 |i C585 |p 27338.16 |t Ej.1 |v 2016-X |3 2016-X | ||
